000 00411cam a2200157ua 4500
041 _aeng
_h
082 _a828.09
_bIG/sy
100 _aDigby, heorge ueingfield .
245 _aSymbol And Image In William Blake /
_cHeorge ueingfield.
_hTextual Documents
250 _a1 /
_b.
260 _aLendon :
_bOxford University Press ,
_c1957.
300 _a76 ; .
504 _a
942 _cBK
999 _c2776
_d2776